000 00326nam a2200121Ia 4500
008 241028s9999 xx 000 0 und d
041 _aeng
082 _a338.9 LOC
100 _aChristopher Lockhart
245 _aEconomic Development, Growth And Institutions
260 _bWillford Press
_aUSA
_c2023
300 _a232;. P. 25 cm
999 _c42760
_d42760